000 00422nam a22001457a 4500
003 SGT
082 _a617.7
_bC21S
100 _aSHARMA, SAUMYA
245 _aCOMPARATIVE EVALUTION OF EFFICACY OF BEPOTASTINE 1.5% VERSUS ALCAFTADINE 0.25% OPHTHALMIC SOLUTIONS IN CASES OF ALLERGIC CONJUNCTIVITIS
260 _aGURUGRAM
_bSGT UNIVERSITY
_c2021
300 _a67
650 _aOPHTHALMOLOGY
653 _aM.S
942 _2ddc
_cTH
999 _c26536
_d26536